Entry Personal Name
Number of records used in: 1
001 - CONTROL NUMBER
003 - CONTROL NUMBER IDENTIFIER
005 - DATE AND TIME OF LATEST TRANSACTION
- control field:
20221105104932.0
008 - FIXED-LENGTH DATA ELEMENTS
- fixed length control field:
980319n| acannaab| |n aaa c
010 ## - LIBRARY OF CONGRESS CONTROL NUMBER
- LC control number:
no 98072834
035 ## - SYSTEM CONTROL NUMBER
- System control number:
(OCoLC)oca04686099
040 ## - CATALOGING SOURCE
- Original cataloging agency:
DJBF
- Transcribing agency:
DJBF
100 10 - HEADING--PERSONAL NAME
- Personal name:
Spreer, Edgar
670 ## - SOURCE DATA FOUND
- Source citation:
Milk and dairy product technology, c1998:
- Information found:
t.p. (Edgar Spreer)